| 000 | 01537cam a22004097a 4500 | ||
|---|---|---|---|
| 999 |
_c533016 _d533016 |
||
| 001 | 14910409 | ||
| 003 | NUST | ||
| 005 | 20191210121726.0 | ||
| 008 | 060915s2005 fr a b 101 0 eng d | ||
| 010 | _a 2007459609 | ||
| 020 | _a2912143616 | ||
| 020 | _a9782912143617 | ||
| 020 | _a2912143624 (ebook) | ||
| 020 | _a9782912143624 (ebook) | ||
| 035 | _a(CStRLIN)CUBGGLAD152081032-B | ||
| 038 | _aMSOHAIL | ||
| 040 |
_aHUA _cHUA _dTZT _dCUY _dDLC |
||
| 042 | _alccopycat | ||
| 050 | 0 | 0 |
_aTA680 _b.I655 2005 |
| 082 | _a620.136 RIL | ||
| 111 | 2 |
_aInternational Symposium on Design, Performance and Use of Self-Consolidating Concrete _n(1st : _d2005 : _cChangsha, China) _926673 |
|
| 245 | 1 | 0 |
_aDesign, Performance and Use of Self-Consolidating _cedited by Zhiwu Yu ... [et al.]. |
| 260 |
_aBagneux : _bRILEM, _cc2014 |
||
| 300 |
_axiii, 438 p. : _bill. ; _c25 cm. |
||
| 490 | 1 |
_aRILEM proceedings ; _vPRO 42 |
|
| 504 | _aIncludes bibliographical references and index. | ||
| 650 | 0 |
_aSelf-consolidating concrete _vCongresses. _926674 |
|
| 650 | 0 |
_aConcrete _xResearch _vCongresses. _926675 |
|
| 650 | 0 |
_aConcrete construction _xCongresses. _926676 |
|
| 700 | 1 |
_aYu, Zhiwu. _926677 |
|
| 710 | 2 |
_aInternational Association of Testing and Research Laboratories for Materials and Structures. _926678 |
|
| 830 | 0 |
_aRILEM proceedings (1995) ; _vPRO 42. _926679 |
|
| 906 |
_a7 _bcbc _ccopycat _d2 _encip _f20 _gy-gencatlg |
||
| 942 |
_2ddc _cBK |
||